[Event "Guben op"]
[Site "Guben"]
[Date "2003.??.??"]
[Round "5"]
[White "Altmann, Michael"]
[Black "Baer, Soeren"]
[Result "0-1"]
[WhiteElo "2121"]
[BlackElo "2096"]
[PlyCount "158"]
[EventDate "2003.??.??"]
[EventType "swiss"]
[EventRounds "7"]
[EventCountry "GER"]
[SourceTitle "EXT 2008"]
[Source "ChessBase"]
[SourceDate "2007.11.25"]
[SourceVersion "1"]
[SourceVersionDate "2007.11.25"]
[SourceQuality "1"]

1. Nf3 c5 2. g3 b6 3. Bg2 Bb7 4. 0-0 Nf6 5. c3 d6 6. d4 Nbd7 7. Nbd2 g6 8. Qb3 d5 9. e4 e6 10. exd5 Nxd5 11. Re1 cxd4 12. Nxd4 Nc5 13. Qc2 Bg7 14. N4b3 0-0 15. Nxc5 bxc5 16. Ne4 Qc7 17. Be3 Nxe3 18. Rxe3 c4 19. Rd1 Bd5 20. b3 Rab8 21. b4 Qc6 22. f4 Qb6 23. Nc5 Rfd8 24. Re2 Bf8 25. Bxd5 exd5 26. Red2 Bxc5+ 27. bxc5 Qxc5+ 28. Rd4 Rb7 29. Qf2 Rbd7 30. Kf1 Qc6 31. Qg2 Qe6 32. Qf3 Qh3+ 33. Kg1 Qe6 34. Kf1 h5 35. Re1 Qh3+ 36. Kg1 Qf5 37. Red1 Kg7 38. Kf1 Qh3+ 39. Kg1 Qf5 40. Kf1 Rd6 41. Kg1 Qe6 42. Kg2 Qg4 43. Qf2 h4 44. h3 Qxg3+ 45. Qxg3 hxg3 46. Kxg3 Kf6 47. Re1 Re6 48. Rf1 Re3+ 49. Rf3 Re2 50. Rf2 Rxf2 51. Kxf2 Ke6 52. Kf3 a5 53. Ke3 Rh8 54. h4 f5 55. Rd2 Rxh4 56. Rb2 Rh3+ 57. Kd4 Rd3+ 58. Kc5 Rxc3 59. Rb6+ Kf7 60. Rb7+ Kf6 61. Rb6+ Kg7 62. Kxd5 Rc2 63. a3 c3 64. Kd4 Rb2 65. Rc6 c2 66. Kd3 Rb3+ 67. Kxc2 Rxa3 68. Rc4 Kh6 69. Kb2 Rf3 70. Ra4 Kh5 71. Kc2 Kg4 72. Kd2 Rxf4 73. Rxa5 Re4 74. Ra6 g5 75. Ra1 f4 76. Rg1+ Kf5 77. Kd3 Re3+ 78. Kd2 g4 79. Ra1 g3 0-1